Which US City Has A Higher Population? - Statistics

General Stats
  • This quiz has been taken 51 times
  • The average score is 8 of 12
Answer Stats
Question Answer % Correct
Honolulu, HI or New Orleans, LA? New Orleans
100%
Denver, CO or Seattle, WA? Seattle
100%
Albuquerque, NM or Atlanta, GA? Albuquerque
75%
Charlotte, NC or Indianapolis, IN? Charlotte
75%
Detroit, MI or Memphis, TN? Memphis
75%
San Antonio, TX or San Diego, CA? San Antonio
75%
Long Beach, CA or Virginia Beach, VA? Virginia Beach
75%
Cincinnati, OH or Pittsburgh, PA? Cincinnati
50%
Fresno, CA or Tucson, AZ? Fresno
50%
Boston, MA or Las Vegas, NV? Las Vegas
50%
Tulsa, OK or Wichita, KS Tulsa
50%
Kansas City, MO or Miami, FL? Kansas City
25%
No matching quizzes found
Score Distribution
Percent of People with Each Score
Percentile by Number Answered
Your Score History
You have not taken this quiz